Qui Chante #1 Français - Statistiques

Statistiques générales
  • Ce quiz a été pris 189 fois
  • Le résultat moyen est 7 sur 20
Statistiques - réponses
Parole Artiste / Titre % Correct
Je vous parle d'un temps Charles Aznavour / La Bohème
90%
Lever la tête, bomber le torse Amel Bent / Ma Philosophie
79%
Allons ensemble, découvrir ma liberté Zaz / Je veux
74%
J'viens pas d'la cité, mais le beat est bon Kamini / Marly Gomont
61%
Elle passe aussitôt chez sa cousine Berthe Thierry Hazard / Le jerk
61%
Que ma maman me dit "ralentis" Sensualité / Axelle Red
53%
Et ça m'fait quelque chose La vie en rose / Edith Piaf
46%
Je t'inventerai, Des mots insensés, Que tu comprendras Jacques Brel / Ne me quitte pas
45%
M'effacer ou m'avancer pour être dans ta trace Grégory Lemarchal / Écris l'histoire
39%
De toutes les couleurs j'vais en voir Double je / Christophe Willem
34%
Toi, tu me rends plus fort chaque jour, Sans dieu ni loiEt quand nos corps se font l'amour Johnny Hallyday / Vivre pour le meilleur
34%
Au moins une fois dans sa vie Garou / Seul
27%
Et quand elles brillent dans ses yeux Patricia Kaas / Mon mec à moi
24%
Comme si j'étais mon propre prisonnier Vitaa / A fleur de toi
23%
C'est une douleur sans égal Tina Arena / Aimer jusqu'à l'impossible
12%
Je crie ton nom mais personne n'm'entend Tragédie / Hey oh
10%
Il y a toujours une étoile, qui scintille Tal / Le sens de la vie
8%
Écrire des lignes et des lignes sur des bouts d'papier Laylow / Une histoire étrange
5%
Mais qui n'avaient pas du tout les mêmes valeurs que moi Nekfeu / Mauvaise graine
5%
J'ai eu le temps d'apprendre de mes erreurs, Petite soeur / Laam
3%
Aucun quiz correspondant
Distribution des résultats
% des personnes avec chaque résultat
Percentile par nombre de réponses
Votre historique - résultats
Vous n’avez pas pris ce quiz